[Event "Estonian Women's Chess Championship 2025"]
[Site "Tallinn, Estonia"]
[Date "2025.12.15"]
[Round "15.2"]
[White "Olde, Grete"]
[Black "Narva, Regina"]
[Result "0-1"]
[WhiteTitle "WCM"]
[BlackTitle "WFM"]
[WhiteElo "1989"]
[BlackElo "1947"]

1. e4 {

[%clk 01:30:46]

} {

[%emt 00:00:02]

} d6 {

[%clk 01:30:09]

} {

[%emt 00:01:01]

} 2. d4 {

[%clk 01:31:01]

} {

[%emt 00:00:15]

} g6 {

[%clk 01:30:23]

} {

[%emt 00:00:16]

} 3. Be3 {

[%clk 01:31:02]

} {

[%emt 00:00:29]

} Bg7 {

[%clk 01:30:17]

} {

[%emt 00:00:36]

} 4. Nc3 {

[%clk 01:31:01]

} {

[%emt 00:00:31]

} a6 {

[%clk 01:29:41]

} {

[%emt 00:01:06]

} 5. Qd2 {

[%clk 01:30:18]

} {

[%emt 00:01:12]

} b5 {

[%clk 01:27:08]

} {

[%emt 00:03:03]

} 6. h4 {

[%clk 01:27:58]

} {

[%emt 00:02:50]

} h5 {

[%clk 01:22:52]

} {

[%emt 00:04:46]

} 7. Nh3 {

[%clk 01:25:43]

} {

[%emt 00:02:45]

} Nd7 {

[%clk 01:21:50]

} {

[%emt 00:01:32]

} 8. O-O-O {

[%clk 01:22:47]

} {

[%emt 00:03:26]

} Bb7 {

[%clk 01:10:38]

} {

[%emt 00:11:42]

} 9. f3 {

[%clk 01:20:12]

} {

[%emt 00:03:05]

} c5 {

[%clk 01:03:31]

} {

[%emt 00:07:37]

} 10. Ng5 {

[%clk 01:13:36]

} {

[%emt 00:07:05]

} Rc8 {

[%clk 00:49:11]

} {

[%emt 00:14:51]

} 11. f4 {

[%clk 01:05:07]

} {

[%emt 00:08:59]

} b4 {

[%clk 00:36:02]

} {

[%emt 00:13:39]

} 12. Nb1 {

[%clk 01:01:57]

} {

[%emt 00:03:40]

} Qa5 {

[%clk 00:30:02]

} {

[%emt 00:06:31]

} 13. Bc4 {

[%clk 00:57:42]

} {

[%emt 00:04:44]

} d5 {

[%clk 00:28:14]

} {

[%emt 00:02:18]

} 14. dxc5 {

[%clk 00:47:50]

} {

[%emt 00:10:21]

} Nxc5 {

[%clk 00:21:12]

} {

[%emt 00:07:31]

} 15. Bxd5 {

[%clk 00:42:47]

} {

[%emt 00:05:34]

} Bxd5 {

[%clk 00:10:42]

} {

[%emt 00:11:01]

} 16. Qxd5 {

[%clk 00:41:07]

} {

[%emt 00:02:10]

} e6 {

[%clk 00:08:46]

} {

[%emt 00:02:26]

} 17. Qd6 {

[%clk 00:35:56]

} {

[%emt 00:05:40]

} Qxa2 {

[%clk 00:08:23]

} {

[%emt 00:00:54]

} 18. Bxc5 {

[%clk 00:34:54]

} {

[%emt 00:01:31]

} Qxb2+ {

[%clk 00:07:01]

} {

[%emt 00:01:52]

} 19. Kd2 {

[%clk 00:35:14]

} {

[%emt 00:00:10]

} Rd8 {

[%clk 00:07:05]

} {

[%emt 00:00:26]

} 20. Qxd8+ {

[%clk 00:34:48]

} {

[%emt 00:00:56]

} Kxd8 {

[%clk 00:07:30]

} {

[%emt 00:00:05]

} 21. Nxf7+ {

[%clk 00:34:46]

} {

[%emt 00:00:32]

} Ke8 {

[%clk 00:07:13]

} {

[%emt 00:00:47]

} 22. Nxh8 {

[%clk 00:34:33]

} {

[%emt 00:00:42]

} Bxh8 {

[%clk 00:07:28]

} {

[%emt 00:00:15]

} 23. Rh3 {

[%clk 00:31:50]

} {

[%emt 00:03:13]

} a5 {

[%clk 00:05:31]

} {

[%emt 00:02:28]

} 24. Rd3 {

[%clk 00:28:44]

} {

[%emt 00:03:35]

} Nf6 {

[%clk 00:03:57]

} {

[%emt 00:02:04]

} 25. Ke3 {

[%clk 00:27:12]

} {

[%emt 00:02:02]

} Qxc2 {

[%clk 00:03:32]

} {

[%emt 00:00:56]

} 26. Bb6 {

[%clk 00:24:03]

} {

[%emt 00:03:39]

} Bg7 {

[%clk 00:03:14]

} {

[%emt 00:00:48]

} 27. Nd2 {

[%clk 00:19:43]

} {

[%emt 00:04:50]

} Qxd1 {

[%clk 00:03:07]

} {

[%emt 00:00:37]

} 28. Rd8+ {

[%clk 00:17:38]

} {

[%emt 00:02:35]

} Ke7 {

[%clk 00:02:54]

} {

[%emt 00:00:40]

} 29. Rb8 {

[%clk 00:18:01]

} {

[%emt 00:00:10]

} Ng4+ {

[%clk 00:02:39]

} {

[%emt 00:00:44]

} 30. Kd3 {

[%clk 00:18:25]

} {

[%emt 00:00:06]

} Bc3 {

[%clk 00:02:26]

} {

[%emt 00:00:44]

} 31. Rb7+ {

[%clk 00:18:19]

} {

[%emt 00:00:37]

} Kd6 {

[%clk 00:02:40]

} {

[%emt 00:00:16]

} 0-1

[Event "Estonian Women's Chess Championship 2025"]
[Site "Tallinn, Estonia"]
[Date "2025.12.16"]
[Round "16.2"]
[White "Narva, Regina"]
[Black "Olde, Grete"]
[Result "1/2-1/2"]
[WhiteTitle "WFM"]
[BlackTitle "WCM"]
[WhiteElo "1947"]
[BlackElo "1989"]

1. Nf3 {

[%clk 01:30:45]

} {

[%emt 00:00:14]

} d5 {

[%clk 01:30:32]

} {

[%emt 00:00:28]

} 2. b3 {

[%clk 01:30:31]

} {

[%emt 00:00:44]

} Nf6 {

[%clk 01:30:23]

} {

[%emt 00:00:39]

} 3. Bb2 {

[%clk 01:30:35]

} {

[%emt 00:00:27]

} e6 {

[%clk 01:30:20]

} {

[%emt 00:00:33]

} 4. g3 {

[%clk 01:30:20]

} {

[%emt 00:00:44]

} Be7 {

[%clk 01:29:53]

} {

[%emt 00:00:57]

} 5. Bg2 {

[%clk 01:29:56]

} {

[%emt 00:00:54]

} O-O {

[%clk 01:29:59]

} {

[%emt 00:00:24]

} 6. O-O {

[%clk 01:26:53]

} {

[%emt 00:03:33]

} c5 {

[%clk 01:27:10]

} {

[%emt 00:03:19]

} 7. e3 {

[%clk 01:24:14]

} {

[%emt 00:03:10]

} Nc6 {

[%clk 01:24:00]

} {

[%emt 00:03:40]

} 8. d4 {

[%clk 01:24:15]

} {

[%emt 00:00:29]

} b6 {

[%clk 01:22:06]

} {

[%emt 00:02:24]

} 9. Nbd2 {

[%clk 01:23:23]

} {

[%emt 00:01:21]

} Ba6 {

[%clk 01:19:04]

} {

[%emt 00:03:33]

} 10. Re1 {

[%clk 01:18:12]

} {

[%emt 00:05:41]

} Rc8 {

[%clk 01:15:40]

} {

[%emt 00:03:54]

} 11. Ne5 {

[%clk 01:11:39]

} {

[%emt 00:07:04]

} Nxe5 {

[%clk 01:08:51]

} {

[%emt 00:07:18]

} 12. dxe5 {

[%clk 01:12:03]

} {

[%emt 00:00:06]

} Nd7 {

[%clk 01:08:28]

} {

[%emt 00:00:53]

} 13. c4 {

[%clk 01:07:26]

} {

[%emt 00:05:07]

} Qc7 {

[%clk 01:01:40]

} {

[%emt 00:07:18]

} 14. f4 {

[%clk 00:59:48]

} {

[%emt 00:08:07]

} dxc4 {

[%clk 00:56:26]

} {

[%emt 00:05:44]

} 15. bxc4 {

[%clk 00:53:41]

} {

[%emt 00:06:37]

} b5 {

[%clk 00:53:19]

} {

[%emt 00:03:38]

} 16. cxb5 {

[%clk 00:32:26]

} {

[%emt 00:21:46]

} Bxb5 {

[%clk 00:53:41]

} {

[%emt 00:00:07]

} 17. Ne4 {

[%clk 00:32:45]

} {

[%emt 00:00:11]

} c4 {

[%clk 00:46:37]

} {

[%emt 00:07:34]

} 18. Qh5 {

[%clk 00:26:22]

} {

[%emt 00:06:52]

} Bc6 {

[%clk 00:39:25]

} {

[%emt 00:07:43]

} 19. Nf6+ {

[%clk 00:05:56]

} {

[%emt 00:20:56]

} Nxf6 {

[%clk 00:28:57]

} {

[%emt 00:10:58]

} 20. exf6 {

[%clk 00:06:01]

} {

[%emt 00:00:25]

} Bxf6 {

[%clk 00:27:35]

} {

[%emt 00:01:52]

} 21. Bxf6 {

[%clk 00:06:20]

} {

[%emt 00:00:11]

} gxf6 {

[%clk 00:27:56]

} {

[%emt 00:00:08]

} 22. Qg4+ {

[%clk 00:04:54]

} {

[%emt 00:01:56]

} Kh8 {

[%clk 00:28:20]

} {

[%emt 00:00:06]

} 23. Bxc6 {

[%clk 00:05:13]

} {

[%emt 00:00:12]

} Qxc6 {

[%clk 00:28:20]

} {

[%emt 00:00:29]

} 24. Qh4 {

[%clk 00:05:29]

} {

[%emt 00:00:14]

} e5 {

[%clk 00:27:15]

} {

[%emt 00:01:35]

} 25. Rac1 {

[%clk 00:04:59]

} {

[%emt 00:01:00]

} Rg8 {

[%clk 00:24:58]

} {

[%emt 00:02:47]

} 26. fxe5 {

[%clk 00:03:40]

} {

[%emt 00:01:50]

} fxe5 {

[%clk 00:23:31]

} {

[%emt 00:01:57]

} 27. Rf1 {

[%clk 00:03:59]

} {

[%emt 00:00:10]

} Rg7 {

[%clk 00:21:39]

} {

[%emt 00:02:22]

} 28. Rf6 {

[%clk 00:03:22]

} {

[%emt 00:01:08]

} Qc5 {

[%clk 00:19:06]

} {

[%emt 00:03:04]

} 29. Qe4 {

[%clk 00:03:34]

} {

[%emt 00:00:18]

} c3 {

[%clk 00:18:34]

} {

[%emt 00:01:02]

} 30. Rf5 {

[%clk 00:03:17]

} {

[%emt 00:00:47]

} Qa3 {

[%clk 00:16:12]

} {

[%emt 00:02:52]

} 31. Rc2 {

[%clk 00:03:19]

} {

[%emt 00:00:27]

} Qd6 {

[%clk 00:14:22]

} {

[%emt 00:02:20]

} 32. Rxe5 {

[%clk 00:03:21]

} {

[%emt 00:00:29]

} Rcg8 {

[%clk 00:06:24]

} {

[%emt 00:08:28]

} 33. Qd4 {

[%clk 00:03:02]

} {

[%emt 00:00:49]

} Qc6 {

[%clk 00:05:09]

} {

[%emt 00:01:43]

} 34. e4 {

[%clk 00:02:20]

} {

[%emt 00:01:13]

} f6 {

[%clk 00:04:45]

} {

[%emt 00:00:53]

} 35. Rc5 {

[%clk 00:02:31]

} {

[%emt 00:00:20]

} Qe6 {

[%clk 00:04:36]

} {

[%emt 00:00:39]

} 36. R5xc3 {

[%clk 00:02:42]

} {

[%emt 00:00:20]

} Rd7 {

[%clk 00:04:10]

} {

[%emt 00:00:55]

} 37. Qc4 {

[%clk 00:02:06]

} {

[%emt 00:01:07]

} Qg4 {

[%clk 00:02:33]

} {

[%emt 00:02:06]

} 38. Qe2 {

[%clk 00:02:14]

} {

[%emt 00:00:23]

} Qe6 {

[%clk 00:01:44]

} {

[%emt 00:01:18]

} 39. Rc6 {

[%clk 00:02:26]

} {

[%emt 00:00:19]

} Rd6 {

[%clk 00:01:55]

} {

[%emt 00:00:19]

} 40. Qc4 {

[%clk 00:16:09]

} {

[%emt 00:01:47]

} Qe5 {

[%clk 00:16:00]

} {

[%emt 00:01:24]

} 41. Rxd6 {

[%clk 00:09:27]

} {

[%emt 00:07:13]

} Qxd6 {

[%clk 00:16:25]

} {

[%emt 00:00:05]

} 42. Qd5 {

[%clk 00:07:12]

} {

[%emt 00:02:45]

} Qb4 {

[%clk 00:15:26]

} {

[%emt 00:01:29]

} 43. Rf2 {

[%clk 00:06:47]

} {

[%emt 00:00:54]

} Qb6 {

[%clk 00:13:39]

} {

[%emt 00:02:18]

} 44. Kg2 {

[%clk 00:05:51]

} {

[%emt 00:01:25]

} Rd8 {

[%clk 00:12:47]

} {

[%emt 00:01:22]

} 45. Qf7 {

[%clk 00:05:55]

} {

[%emt 00:00:25]

} Qa5 {

[%clk 00:10:58]

} {

[%emt 00:02:20]

} 46. Qxf6+ {

[%clk 00:05:59]

} {

[%emt 00:00:26]

} Kg8 {

[%clk 00:11:25]

} {

[%emt 00:00:04]

} 47. Qf7+ {

[%clk 00:05:25]

} {

[%emt 00:01:04]

} Kh8 {

[%clk 00:11:50]

} {

[%emt 00:00:04]

} 48. Qf6+ {

[%clk 00:05:50]

} {

[%emt 00:00:05]

} Kg8 {

[%clk 00:12:17]

} {

[%emt 00:00:03]

} 49. Qf7+ {

[%clk 00:02:36]

} {

[%emt 00:03:44]

} 1/2-1/2